| 000 | 00446nab a2200145Ia 4500 | ||
|---|---|---|---|
| 003 | ES-SlBCS | ||
| 005 | 20210601142036.0 | ||
| 008 | 140529s1964 xxu||||| |||| 00| 0 spa d | ||
| 041 | _aspa | ||
| 100 | 1 |
_aRiesco, Juan _978696 |
|
| 245 | 0 | 0 |
_aGabriel de Zerbis, médico y filósofo humanista _c Juan Riesco |
| 600 | 1 | 4 |
_aZerbis, Gabriel de _9264120 |
| 773 | 0 |
_tGiornali di Metafisica _gvol. 19, nº. 1-2, 1964, págs. 90-97 _w0017-0372 |
|
| 942 | _cAR | ||
| 999 |
_c670612 _d670612 |
||